| 000 | 01393nam0a22002411 4500 | ||
|---|---|---|---|
| 001 | rc\903933 | ||
| 005 | 20260407140317.0 | ||
| 035 | _a(NLR Aleph) 006079193 | ||
| 090 |
_a5076296 _c5076296 |
||
| 100 | _a20041129d1983 |||y0rusy50 ca | ||
| 101 | 0 | _arus | |
| 102 | _aRU | ||
| 105 | _aa ||||||||| | ||
| 200 | 1 |
_aРекомендации по погрузочно-разгрузочным и специализированным транспортным средствам для перевозки картофеля, овощей, зерна и фруктов к местам заготовки _fВсесоюз. н.-и. и проект. ин-т по орг., экономике и технологии материально-техн. снабжения сельского хозяйства |
|
| 210 |
_aРязань _cВНИИМС _d1983 |
||
| 215 |
_a46 с. _cил. _d20 |
||
| 320 | _aБиблиогр.: с. 45 (12 назв.) | ||
| 712 | 0 | 2 |
_aВсесоюзный научно-исследовательский и проектный институт по организации, экономике и технологии материально-технического снабжения сельского хозяйства _cРязань _3RU\NLR\AUTH\8810005912 _9509270 |
| 801 | 0 |
_aRU _bNLR _gpsbo |
|
| 801 | 1 |
_aRU _bELAR _2rusmarc |
|
| 852 |
_aNLR _j83-4/27869 |
||
| 942 | _cBOOK | ||
| 980 | _aNB | ||